000 01020nam a2200301 i 4500
001 000008569
003 DO-SdBNP
005 20240419122335.0
007 ta
008 090917s2011 cu 000 j spa d
020 _a9789593080248
040 _aDO-SdBNP
_bspa
_cBPMSU
_erda
082 4 _aH861.08
_bM953c 2011
_222
245 0 0 _aMujeres como islas :
_bantología de poetas cubanas, dominicanas y puertorriqueñas /
_cedición, Gelsys M. García
264 1 _aLa Habana, Cuba :
_bFerilibro:
_bEdiciones Unión,
_c2011
300 _a164 páginas ;
_c22 cm.
336 _2rdacontent
_atexto
_btxt
337 _2rdamedia
_asin mediación
_bn
338 _2rdacarrier
_avolumen
_bnc
590 _aInventariado, 2024/VM
650 4 _aliteratura caribeña
650 4 _aPoesías cubanas
_vColecciones
650 4 _aPoesías dominicanas
_vColecciones
650 4 _aPoesiás puertorriqueñas
_vColecciones
_x
700 1 _aGarcía Lorenzo, Gelsys M.
_eedición
910 _aVMateo V. Control de calidad. BPMSU
942 _2ddc
_cBK
999 _c14634
_d14634